[Event "40th Olympiad Open"]
[Site "Istanbul TUR"]
[Date "2012.09.09"]
[Round "11.19"]
[White "Edouard,R"]
[Black "Steel,H"]
[Result "1-0"]
[WhiteElo "2652"]
[BlackElo "2397"]

1.e4 c5 2.Nf3 e6 3.d4 cxd4 4.Nxd4 Nc6 5.Nc3 Qc7 6.f4 a6 7.Nxc6 Qxc6 8.Bd3 b5
9.Qe2 Bb7 10.Bd2 Bc5 11.O-O-O b4 12.Nd5 Ne7 13.Ne3 O-O 14.f5 Bd4 15.Rhf1 exf5
16.exf5 a5 17.f6 Ng6 18.fxg7 Rfe8 19.Bc4 d5 20.Bb5 Qe6 21.Rde1 Qe5 22.Bxe8 Bxb2+
23.Kb1 Ba3 24.Bxf7+ Kxg7 25.Nf5+  1-0

[Event "40th Olympiad Open"]
[Site "Istanbul TUR"]
[Date "2012.09.09"]
[Round "11.15"]
[White "Berg,E"]
[Black "Fier,A"]
[Result "1/2-1/2"]
[WhiteElo "2576"]
[BlackElo "2582"]

1.e4 c5 2.Nf3 e6 3.d4 cxd4 4.Nxd4 Nc6 5.Nc3 Qc7 6.Be3 a6 7.Qd2 Nf6 8.O-O-O Be7
9.f3 O-O 10.g4 b5 11.g5 Nh5 12.Nce2 Rd8 13.Ng3 Nxd4 14.Bxd4 Nf4 15.Be3 Bxg5
16.Nh5 Nxh5 17.Bxg5 f6 18.Be3 d5 19.Qf2 Bb7 20.Bb6 Qf4+ 21.Be3 Qc7 22.Bb6 Qf4+
23.Be3  1/2-1/2

[Event "9th LGA Premium Cup"]
[Site "Nuernberg GER"]
[Date "2012.09.09"]
[Round "6.39"]
[White "Nuding,M"]
[Black "Zwahr,P"]
[Result "1/2-1/2"]
[WhiteElo "2182"]
[BlackElo "2320"]

1.e4 c5 2.Nf3 e6 3.d4 cxd4 4.Nxd4 Nc6 5.Nc3 Qc7 6.Be3 a6 7.Qd2 Nf6 8.O-O-O Bb4
9.f3 Ne5 10.Nb3 b5 11.Qd4 Nc6 12.Qb6 Qe5 13.Bd2 Rb8 14.Qe3 O-O 15.g4 d5 16.exd5 Bxc3
17.Qxc3 Qxc3 18.Bxc3 Nxd5 19.Bd4 Nxd4 20.Rxd4 Bb7 21.Nc5 Rfc8 22.Nxb7 Rxb7
23.Bd3  1/2-1/2

[Event "9th LGA Premium Cup"]
[Site "Nuernberg GER"]
[Date "2012.09.09"]
[Round "6.82"]
[White "Suess,Stefan2"]
[Black "Siegl,Adrian"]
[Result "1-0"]
[WhiteElo "1971"]
[BlackElo "1697"]

1.e4 c5 2.Nc3 e6 3.Nf3 Nc6 4.d4 cxd4 5.Nxd4 Bc5 6.Nb3 Bb4 7.Bd2 Nf6 8.Bd3 a6
9.f4 d6 10.Qf3 Qc7 11.O-O-O Bd7 12.Kb1 Rc8 13.g4 b5 14.g5 Ng8 15.f5 Ne5 16.Qe2 Ne7
17.f6 gxf6 18.gxf6 N7g6 19.Rhf1 Nxd3 20.cxd3 a5 21.Rc1 Qb7 22.Nd4 Bxc3 23.Bxc3 b4
24.Bd2 Rxc1+ 25.Rxc1 e5 26.Nf5 Bxf5 27.exf5 Nf8 28.d4 Nd7 29.Bf4 Kd8 30.dxe5 dxe5
31.Bxe5 Re8 32.Bc7+ Qxc7 33.Qxe8+ Kxe8 34.Rxc7 Nxf6 35.Ra7 Ne4 36.Rxa5 Ke7
37.Re5+  1-0

[Event "3rd Livigno Open A"]
[Site "Livigno ITA"]
[Date "2012.09.13"]
[Round "5.11"]
[White "Codenotti,M"]
[Black "Zhou,Y"]
[Result "0-1"]
[WhiteElo "2334"]
[BlackElo "2414"]

1.e4 c5 2.Nf3 Nc6 3.Nc3 e6 4.d4 cxd4 5.Nxd4 Qc7 6.Be3 a6 7.Qd2 Nf6 8.f3 Ne5
9.O-O-O Bb4 10.Bf2 Bxc3 11.Qxc3 Qxc3 12.bxc3 d5 13.exd5 Nxd5 14.c4 Ne7 15.Nb3 Bd7
16.Bd4 N7c6 17.Bb6 Bc8 18.Bc5 Nd7 19.Bd6 b6 20.a4 Na5 21.Bc7 Bb7 22.Nxa5 bxa5
23.Kb2 h5 24.Bxa5 h4 25.Be2 Rh5 26.Bc3 Nb6 27.g4 Nxa4+ 28.Kb3 Nxc3 29.Kxc3 Re5
30.Rb1 Bxf3 31.Bxf3 Re3+ 32.Kd4 Rxf3 33.h3 Rd8+ 34.Kc5 Rf4  0-1

[Event "Skovbo GM Open 2012"]
[Site "Borup DEN"]
[Date "2012.09.16"]
[Round "4.21"]
[White "Hansen,Erik Levin"]
[Black "Jacobsen,Mad"]
[Result "1-0"]
[WhiteElo "1753"]
[BlackElo "2046"]

1.e4 c5 2.Nf3 e6 3.d4 cxd4 4.Nxd4 Nc6 5.Nc3 Qc7 6.f4 a6 7.Be3 d6 8.Qd2 Nf6
9.Be2 Be7 10.O-O-O O-O 11.g4 Nxd4 12.Bxd4 e5 13.Be3 Bxg4 14.Bxg4 Nxg4 15.Nd5 Qd8
16.Bb6 Qd7 17.Rhg1 f5 18.exf5 Nh6 19.Nxe7+ Qxe7 20.fxe5 Nxf5 21.exd6 Qd7
22.Qd5+ Kh8 23.Bd4 Rac8 24.Rdf1 Nxd4 25.Rxf8+ Rxf8 26.Qxd4 Rf6 27.Rd1 h6
28.b3 Rg6 29.a4 Rg2 30.Qf4 Qc8 31.Rd2 Rxd2 32.Qxd2 Kg8 33.Qd5+ Kf8 34.d7 Qd8
35.Qxb7 Ke7 36.Qc8 a5 37.Qxd8+ Kxd8 38.Kd2 Kxd7 39.Ke3 Kd6 40.Kd4 g5 41.c3  1-0

[Event "TCh-HUN 2012-13"]
[Site "Dunaharaszti HUN"]
[Date "2012.09.16"]
[Round "1"]
[White "Roganovic,Milo"]
[Black "Farago,I"]
[Result "1/2-1/2"]
[WhiteElo "2518"]
[BlackElo "2486"]

1.e4 c5 2.Nf3 e6 3.d4 cxd4 4.Nxd4 Nc6 5.Nc3 a6 6.Be3 Nf6 7.g3 d6 8.Nxc6 bxc6
9.e5 Nd5 10.exd6 Nxe3 11.fxe3 Bxd6 12.Ne4 Be7 13.Qxd8+ Kxd8 14.O-O-O+ Kc7
15.Bg2 e5 16.Nf2 Bb7 17.Rd3 Rhd8 18.Rhd1 Rxd3 19.cxd3 f5 20.Kd2 Rf8 21.Ke2 Bc5
22.Rc1 Bb6 23.Rc4 a5 24.g4 f4 25.exf4 Rxf4 26.Rxf4 exf4 27.Nh3 Bd4 28.b3 Be5
29.Be4 h6 30.d4 Bxd4  1/2-1/2

[Event "3rd Livigno Open A"]
[Site "Livigno ITA"]
[Date "2012.09.16"]
[Round "8.4"]
[White "Vovk,A"]
[Black "Satyapragyan,S"]
[Result "1/2-1/2"]
[WhiteElo "2549"]
[BlackElo "2435"]

1.e4 c5 2.Nf3 e6 3.d4 cxd4 4.Nxd4 Nc6 5.Nc3 d6 6.Be3 Nf6 7.Be2 Be7 8.Qd2 O-O
9.O-O-O a6 10.f4 Nd7 11.g4 Nxd4 12.Qxd4 b5 13.g5 Qa5 14.a3 Rb8 15.Na2 Bb7
16.Rhg1 Rfc8 17.Kb1 Qc7 18.Nc3 Ba8 19.Rg3 Nc5 20.e5 d5 21.Rc1 Nd7 22.Na2 a5
23.b4 Nb6 24.Bxb5 axb4 25.axb4 Nc4 26.Bxc4 dxc4 27.Bd2 Bd5 28.Ra3 Ra8 29.Rxa8 Rxa8
30.Bc3 Qc6 31.Kb2 Be4 32.Ra1 Rd8 33.Qf2 g6 34.Nc1 Rb8 35.Qd2 Rd8 36.Qe1 Bf5
37.Ra7 Bf8 38.Qe2 h6 39.h4 h5 40.Na2 Qb6 41.Ra4 Qc6 42.Ra5 Qh1 43.Ra7 Rd1
44.Qxc4 Rb1+ 45.Ka3 Bxc2 46.Bb2 Qf3+ 47.Nc3 Qf2 48.Ra8 Be4 49.Rxf8+ Kxf8
50.Nxb1 Qa7+ 51.Kb3 Bd5 52.Na3 Qe3+ 53.Bc3 Qxf4 54.b5 Qxh4 55.b6 Qf2 56.Bb4+ Kg7
57.Ka4 h4 58.Kb5 Qf3  1/2-1/2

[Event "TCh-SRB Prem 2012"]
[Site "Valjevo SRB"]
[Date "2012.09.18"]
[Round "2.5"]
[White "Todorovic,GM"]
[Black "Vratonjic,S"]
[Result "1/2-1/2"]
[WhiteElo "2502"]
[BlackElo "2408"]

1.e4 c5 2.Nf3 e6 3.d4 cxd4 4.Nxd4 Nc6 5.Nc3 Qc7 6.Be3 a6 7.Be2 Nf6 8.O-O Be7
9.f4 d6 10.Qe1 O-O 11.Kh1 Nxd4 12.Bxd4 Nd7 13.Bd3 Bf6 14.Bxf6 Nxf6 15.Qh4 Nd7
16.Rae1 Qd8 17.Qg3 e5 18.Bc4 exf4 19.Qxf4 Ne5 20.Bd5 Qe7 21.Rd1 Be6 22.Qe3 Qc7
23.Qd4 Rfd8 24.h3  1/2-1/2

[Event "Vladivostok Russian Cup 2012"]
[Site "Vladivostok RUS"]
[Date "2012.09.18"]
[Round "2.4"]
[White "Kurnosov,I"]
[Black "Yakovich,Yur"]
[Result "1/2-1/2"]
[WhiteElo "2660"]
[BlackElo "2525"]

1.e4 c5 2.Nf3 Nc6 3.Nc3 e6 4.d4 cxd4 5.Nxd4 Qc7 6.Be3 a6 7.Qd2 Nf6 8.f3 Ne5
9.O-O-O b5 10.Kb1 Bb7 11.Be2 Be7 12.g4 O-O 13.g5 Ne8 14.h4 Rc8 15.Bf4 Bb4
16.a3 Bxc3 17.Qxc3 Qxc3 18.bxc3 Nc4 19.Nb3 d5 20.Bxc4 bxc4 21.Nd2 Nc7 22.Ka2 Nb5
23.Kb2 Rfd8 24.a4 Nd6 25.Ka3 f6 26.gxf6 gxf6 27.e5 Nf7 28.exf6 e5 29.Bh2 Rc6
30.Rhg1+ Kf8 31.Rg7 h6 32.Bxe5 Nxe5 33.Rxb7 Rxf6 34.Re1 Re8 35.Re3 Ng6 36.Rxe8+ Kxe8
37.h5 Nf4 38.Kb4 Nxh5 39.Kc5 Nf4 40.a5 h5 41.Rh7 Re6 42.Nf1 Re2 43.Ng3 Rxc2
44.Nxh5 Nxh5 45.Rxh5 Rxc3 46.Re5+ Kf7 47.Kxd5 Rxf3 48.Kxc4 Ra3 49.Kb4 Ra1
50.Re2  1/2-1/2

[Event "Dnepropetrovsk Autumn A"]
[Site "Dnepropetrovsk UKR"]
[Date "2012.09.19"]
[Round "4"]
[White "Petrenko,S"]
[Black "Tsirulnik,Mari"]
[Result "1-0"]
[WhiteElo "2199"]
[BlackElo "2184"]

1.e4 c5 2.Nf3 e6 3.d4 cxd4 4.Nxd4 Nc6 5.Nc3 d6 6.Be2 Nf6 7.O-O Be7 8.Be3 O-O
9.Nb3 Qc7 10.f4 a6 11.a4 b6 12.Bf3 Rb8 13.Qe2 Na5 14.Nd2 Rd8 15.Kh1 d5 16.exd5 Nxd5
17.Nxd5 exd5 18.c3 Bb7 19.b4 Nc6 20.Nb3 Bf6 21.Rac1 Ne7 22.Bd4 Bxd4 23.Nxd4 Re8
24.Qd2 Qd7 25.Ra1 Nc8 26.a5 bxa5 27.Rxa5 Nb6 28.Qc1 Nc4 29.Rc5 Qd6 30.g3 a5
31.Re1 axb4 32.cxb4 g6 33.Qc3 Qd7 34.Kg2 Rxe1 35.Qxe1 Ra8 36.Kg1 Ra3 37.Bg2 Qa4
38.Bf1 Ne3 39.Ra5 Ra1 40.Qxa1 Qxb4  1-0

[Event "Skovbo GM Open 2012"]
[Site "Borup DEN"]
[Date "2012.09.20"]
[Round "5.17"]
[White "Pedersen,Sven2"]
[Black "Petersen,Nil"]
[Result "1/2-1/2"]
[WhiteElo "2121"]
[BlackElo "1958"]

1.e4 c5 2.Nf3 e6 3.d4 cxd4 4.Nxd4 Nc6 5.Nc3 a6 6.Be2 Nf6 7.O-O Bb4 8.Bg5 h6
9.Bh4 Be7 10.Bg3 d6 11.Qd2 Nxd4 12.Qxd4 e5 13.Qd3 O-O 14.f4 Qc7 15.Kh1 b5
16.Bf3 Bb7 17.Nd5 Nxd5 18.exd5 exf4 19.Bxf4 Qc4 20.Qxc4 bxc4 21.Rfe1 Rfe8
22.Re4 g5 23.Rae1 Bxd5 24.Rxe7 Rxe7 25.Rxe7 Bxf3 26.Bxd6 Rd8  1/2-1/2

[Event "TCh-SRB Prem 2012"]
[Site "Valjevo SRB"]
[Date "2012.09.20"]
[Round "4.1"]
[White "Vuckovic,Bo"]
[Black "Vratonjic,S"]
[Result "1-0"]
[WhiteElo "2604"]
[BlackElo "2408"]

1.e4 c5 2.Nf3 e6 3.d4 cxd4 4.Nxd4 Nc6 5.Nc3 Qc7 6.Be3 Nf6 7.f4 Bb4 8.Nb5 Qa5
9.e5 Nd5 10.Bd2 Nxc3 11.Bxc3 O-O 12.Qd2 a6 13.Nd6 f6 14.Bxb4 Nxb4 15.c3 Nc6
16.exf6 Rxf6 17.Bc4 b5 18.Bb3 Qc7 19.Ne8 Qxf4 20.Nxf6+ Qxf6 21.O-O-O Na5
22.Bd5 Rb8 23.Rhf1 Qe7 24.Bxe6+ Qxe6 25.Rde1 Ra8  1-0

[Event "Vladivostok Russian Cup 2012"]
[Site "Vladivostok RUS"]
[Date "2012.09.20"]
[Round "4.2"]
[White "Shomoev,A"]
[Black "Zvjaginsev,V"]
[Result "0-1"]
[WhiteElo "2571"]
[BlackElo "2671"]

1.d4 e6 2.e4 c5 3.Nf3 cxd4 4.Nxd4 Nc6 5.Nc3 d6 6.g4 h6 7.Be3 Nf6 8.h3 Bd7
9.f4 Be7 10.Nb3 a5 11.a4 e5 12.f5 Nb4 13.Bg2 O-O 14.Qe2 Qc7 15.O-O-O b5 16.axb5 Rfc8
17.b6 Qc6 18.Na1 a4 19.Nd5 Nfxd5 20.exd5 Qb7 21.Qd2 Na6 22.g5 hxg5 23.h4 g4
24.f6 Bxf6 25.Rdf1 Nc5 26.Bxc5 Rxc5 27.Be4 Qxb6 28.Rxf6 Rb8 29.Qg5 Qxb2+
30.Kd2 Qb4+ 31.Kc1 Qxe4 32.Rhf1 Qd4  0-1

[Event "TCh-SRB Prem 2012"]
[Site "Valjevo SRB"]
[Date "2012.09.21"]
[Round "5.1"]
[White "Pikula,D"]
[Black "Arsovic,Z"]
[Result "1/2-1/2"]
[WhiteElo "2489"]
[BlackElo "2434"]

1.e4 c5 2.Nf3 e6 3.d4 cxd4 4.Nxd4 Nc6 5.Nc3 Qc7 6.Be3 a6 7.Qd2 Nf6 8.O-O-O Be7
9.f4 b5 10.e5 b4 11.exf6 bxc3 12.Qxc3 Bxf6 13.g4 h6 14.h4 Bb7 15.Rh2 Qd6
16.Qd2 Nxd4 17.Bxd4 Bf3 18.Bxf6 Qxd2+ 19.Rdxd2 gxf6 20.Bg2 Bxg2 21.Rhxg2 Ke7
22.Rd4 d5 23.b3  1/2-1/2

[Event "Dnepropetrovsk Autumn A"]
[Site "Dnepropetrovsk UKR"]
[Date "2012.09.22"]
[Round "8"]
[White "Orlyanskaya,D"]
[Black "Tsirulnik,Mari"]
[Result "1/2-1/2"]
[WhiteElo "2074"]
[BlackElo "2184"]

1.e4 c5 2.Nf3 e6 3.d4 cxd4 4.Nxd4 Nc6 5.Nc3 d6 6.Be2 Nf6 7.Bg5 Be7 8.Qd2 h6
9.Be3 a6 10.f3 h5 11.a4 Qc7 12.Nb3 b6 13.O-O O-O 14.Nd4 Ne5 15.Nb3 Rb8 16.Bg5 Rd8
17.f4 Nc4 18.Bxc4 Qxc4 19.Qd4 Qc7 20.h3 Bb7 21.Rae1 Ba8 22.Qf2 e5 23.Qe2 Bb7
24.fxe5 dxe5 25.Bxf6 Bxf6 26.Qxh5 g6 27.Qe2 Bg7 28.Rf2 Bc6 29.Qxa6 Ra8 30.Qc4 Qb7
31.Ref1 Rd7 32.Kh2 Rc7 33.Nd5 Bxd5 34.Qxd5 Qxd5 35.exd5 Rxa4 36.c3 f5 37.Ra1 Rxa1
38.Nxa1 e4 39.Nc2 b5 40.Rd2 Rd7 41.Kg1 Kf7 42.Kf1 Kf6 43.Na3 Ke5 44.Nxb5 Rxd5
45.Nd4 g5 46.Ke2 f4 47.b4 Bf8 48.Ra2 Kd6 49.Ra6+ Ke7 50.Ra7+ Kd6 51.Ra6+ Kd7
52.Rf6 Be7 53.Ra6 Bxb4 54.Ra7+ Kd6 55.Ra6+ Kd7 56.Ra7+ Kd6 57.Ra6+ Kd7 58.Ra7+ Kc8
59.cxb4 Rxd4 60.Ra5 Rxb4 61.Rxg5 Rb2+ 62.Kf1 e3 63.h4 Kd7 64.Rg4 Rf2+ 65.Ke1 Ke6
66.h5 Kf5 67.Rg8 Rb2 68.h6 Rb1+ 69.Ke2 Rh1 70.Rf8+ Kg5 71.Rg8+ Kf5 72.Rf8+  1/2-1/2

[Event "30th Balaton Open"]
[Site "Heviz HUN"]
[Date "2012.09.23"]
[Round "1.6"]
[White "Kosztolanczi,G"]
[Black "Boehm,Mar"]
[Result "0-1"]
[WhiteElo "2130"]
[BlackElo "2262"]

1.e4 c5 2.Nf3 Nc6 3.d4 cxd4 4.Nxd4 e6 5.Nc3 Nf6 6.Ndb5 Bc5 7.Nd6+ Ke7 8.Bf4 Qb6
9.Qd2 Ng4 10.Bg3 Nce5 11.Qg5+ Kf8 12.O-O-O f6 13.Qd2 Nxf2 14.Nxc8 Rxc8 15.Na4 Qc6
16.Nxc5 Nxd1 17.Bxe5 Ne3 18.Bd6+ Ke8 19.Be2 b6 20.Ba6 bxc5 21.e5 Qxa6 22.Qxe3 Rc6
23.Rd1 Qxa2 24.c3 Rb6 25.b4 cxb4 26.Bxb4 Rxb4 27.cxb4 Qc4+ 28.Kd2 fxe5 29.Qxe5 Rf8
30.Rc1 Rf2+ 31.Ke1 Qf1+  0-1

[Event "21st TCh-CRO 1b 2012"]
[Site "Sibenik CRO"]
[Date "2012.09.23"]
[Round "1.3"]
[White "Ciganovic,N"]
[Black "Orak,L"]
[Result "1/2-1/2"]
[WhiteElo "2293"]
[BlackElo "2307"]

1.e4 c5 2.Nf3 e6 3.d4 cxd4 4.Nxd4 Nc6 5.Nc3 Qc7 6.Be3 a6 7.Bd3 Nf6 8.O-O Nxd4
9.Bxd4 Bc5 10.Bxf6 gxf6 11.Qg4 Kf8 12.Qh4 Qe5 13.Qh6+ Kg8 14.Kh1 Qg5 15.Qh3 h5
16.Be2 b5 17.f4 Qh6 18.Rad1 Ra7 19.Qh4 Kf8 20.Rd3 Be7 21.f5 Rc7 22.a3 Rc5
23.Qf4 Qxf4 24.Rxf4 d6 25.fxe6 fxe6 26.Rf1 Bd7 27.b4 Re5 28.h4 Bc6 29.Bf3 Kg7
30.Rd4 f5 31.exf5 Rxf5 32.Be2 Rxf1+ 33.Bxf1 Rf8 34.Kg1 e5 35.Rd1 Rf4 36.g3 Rf3
37.Rd3 Rxd3 38.Bxd3 d5 39.Bf5 Bb7 40.Be6 d4 41.Bd5 Bxd5 42.Nxd5 Bd6 43.Kg2 e4
44.c3 d3 45.Kf2 Kg6 46.Ne3 Be5 47.Nd1 Kf5 48.Ne3+ Ke6 49.Nd1 Kf5  1/2-1/2

[Event "TCh-SRB Prem w 2012"]
[Site "Valjevo SRB"]
[Date "2012.09.23"]
[Round "7.1"]
[White "Bojkovic,N"]
[Black "Schleining,Z"]
[Result "1-0"]
[WhiteElo "2392"]
[BlackElo "2340"]

1.e4 c5 2.Nf3 e6 3.d4 cxd4 4.Nxd4 Nc6 5.Nc3 Qc7 6.g3 a6 7.Bg2 Nf6 8.O-O Bc5
9.Nxc6 dxc6 10.Na4 Be7 11.Be3 Nd7 12.c4 O-O 13.c5 e5 14.Qc2 Rb8 15.h3 Re8
16.Rad1 Nf8 17.f4 Ne6 18.f5 Nd4 19.Rxd4 exd4 20.Bf4 Qd8 21.Bxb8 Bxf5 22.Rxf5 Qxb8
23.Qc4 Bf6 24.Qd3 Be5 25.Rf3 f5 26.Rxf5 Bxg3 27.Nb6 Bf4 28.Nd7 Qc7 29.Qc4+ Kh8
30.Qf7 Be3+ 31.Kh1 Qd8 32.Bf1 g6 33.Nf8 Qe7 34.Bc4 Qxe4+ 35.Rf3 Qb1+ 36.Bf1  1-0

[Event "US Chess League 2012"]
[Site "ICC INT"]
[Date "2012.09.24"]
[Round "4"]
[White "Herman,Ma"]
[Black "Naroditsky,D"]
[Result "0-1"]
[WhiteElo "2385"]
[BlackElo "2483"]

1.e4 c5 2.Nf3 e6 3.d4 cxd4 4.Nxd4 Nc6 5.Nc3 Qc7 6.Be3 a6 7.Qd2 Nf6 8.f3 Bb4
9.a3 Be7 10.g4 b5 11.g5 Nh5 12.Nxc6 dxc6 13.f4 Bb7 14.Qf2 c5 15.Bg2 O-O 16.Qh4 g6
17.Bf3 Ng7 18.O-O f6 19.gxf6 Bxf6 20.Qh3 Bd4 21.Bxd4 cxd4 22.Ne2 Qxc2 23.Rac1 Qd3
24.Rc7 Qe3+ 25.Rf2 Bxe4 26.Qh6 Rf7 27.Rxf7 Kxf7 28.Bxe4 Qxe4 29.Ng3 Qe1+
30.Kg2 d3 31.Rf3 d2 32.Rc3 Ra7 33.Rc8 Qc1 34.Ne4 Qxc8 35.Nd6+ Kg8 36.Nxc8 d1=Q
37.Nxa7 Qe2+  0-1

[Event "TCh-SRB Prem 2012"]
[Site "Valjevo SRB"]
[Date "2012.09.24"]
[Round "8.2"]
[White "Mastrovasilis,D"]
[Black "Vratonjic,S"]
[Result "1-0"]
[WhiteElo "2613"]
[BlackElo "2408"]

1.e4 c5 2.Nf3 e6 3.d4 cxd4 4.Nxd4 Nc6 5.Nc3 Qc7 6.f4 a6 7.Nxc6 dxc6 8.e5 b5
9.Bd3 Bb7 10.O-O c5 11.f5 c4 12.fxe6 O-O-O 13.Qg4 Bc5+ 14.Kh1 f5 15.Bxf5 Ne7
16.Be4 Rd4 17.Qf3 Rxe4 18.Nxe4 Qxe5 19.Qf8+ Rxf8 20.Rxf8+ Kc7 21.Bf4 Bxe4
22.Bxe5+ Kc6 23.Rd1 Bxc2 24.Rd7 Bg6 25.Rfd8 Kb6 26.Bc7+ Kc6 27.Bd6 Bxd6 28.Rxd6+ Kc5
29.R6d7 Ng8 30.Rd5+  1-0

[Event "Vladivostok Russian Cup 2012"]
[Site "Vladivostok RUS"]
[Date "2012.09.24"]
[Round "8.9"]
[White "Musaev,Ra"]
[Black "Maletin,P"]
[Result "0-1"]
[WhiteElo "2239"]
[BlackElo "2587"]

1.e4 c5 2.Nf3 e6 3.d4 cxd4 4.Nxd4 Nc6 5.Nc3 Qc7 6.Be3 a6 7.Qd2 Nf6 8.O-O-O Bb4
9.f3 Ne5 10.g4 h6 11.Kb1 Bxc3 12.Qxc3 Qxc3 13.bxc3 d5 14.exd5 Nxd5 15.Bd2 b5
16.Re1 Nc4 17.Bxc4 bxc4 18.Nf5 O-O 19.Nd6 Bd7 20.Re4 Bb5 21.Re2 Rab8 22.Ka1 Rb6
23.Ne4 Ba4 24.Rc1 Rfb8 25.Be1 Be8 26.Bg3 Ra8 27.Bf2 Rc6 28.Be1 Rb8 29.Rb1 Rxb1+
30.Kxb1 f6 31.h4 h5 32.g5 Bg6 33.gxf6 gxf6 34.Bd2 Kf7 35.Rg2 e5 36.Nf2 Ne7
37.Nd1 Nd5 38.Kc1 Rc8 39.Rf2 Bf5 40.Rg2 Bg6 41.Bh6 Ne7 42.Bd2 Nf5 43.Rh2 Rg8
44.Nb2 Bh7 45.Nxc4 Rg1+ 46.Kb2 Rf1 47.Rh3 Rf2 48.Kb3 Bg8 49.Be1 Rf1 50.Bd2 Kg6
51.Kb4 Rb1+ 52.Kc5 Rb5+  0-1

[Event "Baku Open 2012"]
[Site "Baku AZE"]
[Date "2012.09.25"]
[Round "4.5"]
[White "Guseinov,G"]
[Black "Negi,P"]
[Result "1/2-1/2"]
[WhiteElo "2613"]
[BlackElo "2658"]

1.e4 c5 2.Nc3 e6 3.Nf3 Nc6 4.d4 cxd4 5.Nxd4 Qc7 6.g3 a6 7.Bg2 Nf6 8.O-O d6
9.Be3 Be7 10.f4 O-O 11.Kh1 Nxd4 12.Qxd4 Bd7 13.a4 Bc6 14.a5 Rac8 15.Qd2 Rfe8
16.Bb6 Qb8  1/2-1/2

[Event "TCh-SRB Prem w 2012"]
[Site "Valjevo SRB"]
[Date "2012.09.25"]
[Round "9.2"]
[White "Szczepkowska Horowska,K"]
[Black "Schleining,Z"]
[Result "1/2-1/2"]
[WhiteElo "2375"]
[BlackElo "2340"]

1.e4 c5 2.Nf3 e6 3.d4 cxd4 4.Nxd4 Nc6 5.Nc3 Qc7 6.Be2 Nf6 7.O-O a6 8.Be3 Bb4
9.Na4 O-O 10.Nxc6 bxc6 11.Nb6 Rb8 12.Nxc8 Rfxc8 13.Bxa6 Rf8 14.Bd3 Bd6 15.h3 Be5
16.b3 Bxa1 17.Qxa1 d5 18.Bd4 dxe4 19.Bxf6 gxf6 20.Qxf6 exd3 21.Qg5+ Kh8 22.Qf6+ Kg8  1/2-1/2

[Event "1st Simon Bolivar Open 2012"]
[Site "San Cristobal VEN"]
[Date "2012.09.26"]
[Round "2.1"]
[White "Mosquera,M"]
[Black "Iturrizaga,E"]
[Result "0-1"]
[WhiteElo "2369"]
[BlackElo "2625"]

1.e4 c5 2.Nf3 e6 3.d4 cxd4 4.Nxd4 Nc6 5.Nc3 Qc7 6.Be3 Nf6 7.Qd2 a6 8.f3 Bb4
9.O-O-O O-O 10.g4 b5 11.g5 Nh5 12.Kb1 Bb7 13.a3 Be7 14.Nxc6 Bxc6 15.Nd5 Bxd5
16.exd5 Bc5 17.Bd3 Bxe3 18.Qxe3 exd5 19.Rhe1 Nf4 20.Qe5 Qxe5 21.Rxe5 f6 22.Re7 fxg5
23.Rxd7 h6 24.c3 Rf7 25.Rd6 Rf6 26.Rd7 Re8 27.Bc2 Re2 28.a4 bxa4 29.Rd4 a3
30.bxa3 a5 31.Rb7 Rc6 32.Kb2 Rxh2 33.Rb5 Kf7 34.a4 Re6 35.Kb3 Ree2 36.Bb1 h5
37.Ka3 Re3 38.Rxa5 Rxc3+ 39.Kb4 Rc1 40.Bf5 Kf6 41.Rxf4 gxf4 42.Rxd5 Rb2+
43.Ka5 Rc7 44.Ka6 Re7 45.Be4 Re6+ 46.Ka7 Re5 47.Rd6+ Ke7 48.Ra6 h4  0-1

[Event "21st TCh-CRO 1b 2012"]
[Site "Sibenik CRO"]
[Date "2012.09.26"]
[Round "4.3"]
[White "Duda,J"]
[Black "Horvath,Jo1"]
[Result "0-1"]
[WhiteElo "2470"]
[BlackElo "2532"]

1.e4 c5 2.Nf3 e6 3.d4 cxd4 4.Nxd4 Nc6 5.Nc3 Qc7 6.Be2 a6 7.O-O b5 8.Nxc6 dxc6
9.f4 Bb7 10.Be3 Be7 11.f5 exf5 12.Rxf5 Nf6 13.e5 Nd7 14.Qe1 g6 15.Rf4 Nxe5
16.Ne4 O-O 17.Nf6+ Bxf6 18.Rxf6 Nd7 19.Rf2 f5 20.Qc3 Rf7 21.Rd1 Re8 22.Bf3 c5
23.Bf4 Qc8 24.Rfd2 c4 25.b4 Bxf3 26.gxf3 Nf8 27.Rd5 Qe6 28.Rd6 Qe2 29.R6d2 Qe7
30.Kh1 Qh4 31.Be5 f4 32.Rg2 Nd7 33.Rgd2 Nf8 34.Rg1 Nd7 35.Bd6 Qh3 36.Bc5 Nf6
37.Bf2 Ne4 38.Re1 Ng3+  0-1

[Event "Tatry Open 2012"]
[Site "Tatranske Zruby SVK"]
[Date "2012.09.26"]
[Round "5.42"]
[White "Marek,Mat"]
[Black "Kubik,M"]
[Result "0-1"]
[WhiteElo "1965"]
[BlackElo "2138"]

1.e4 c5 2.Nf3 e6 3.d4 cxd4 4.Nxd4 Nc6 5.Nc3 d6 6.Nxc6 bxc6 7.Bd3 Nf6 8.O-O e5
9.Kh1 Be6 10.f4 exf4 11.Bxf4 Ng4 12.Qe1 Be7 13.Rd1 Bf6 14.b3 O-O 15.Ne2 Be5
16.Qg3 Qe7 17.Bxe5 Nxe5 18.Nd4 Rad8 19.c4 f6 20.Bb1 Rfe8 21.Rd2 Bd7 22.h3 Nf7
23.Rfd1 Qe5 24.Qxe5 Rxe5 25.Nf3 Re7 26.Kh2 c5 27.Re1 Bc6 28.Nh4 g6 29.Rde2 Rde8
30.Nf3 f5 31.Nd2 Ng5 32.h4 Nxe4 33.Bxe4 fxe4 34.Nf1 Rf7 35.Ne3 h5 36.Kg3 Re5
37.Rd2 Rd7 38.Red1 Re6 39.Nd5 Kg7 40.Nf4 Rf6 41.Nd5 Bxd5 42.Rxd5 e3 43.Re1 Re7
44.Rd3 e2 45.Rd2 Re3+ 46.Kh2 Rf4 47.Kg1 Rxh4 48.Rxd6 Rd4 49.Rxd4 cxd4 50.Kf2 Kf6
51.c5 Ke5 52.b4 Kd5 53.a4 h4  0-1

[Event "Tatry Open 2012"]
[Site "Tatranske Zruby SVK"]
[Date "2012.09.26"]
[Round "5.21"]
[White "Sosovicka,M"]
[Black "Jasny,S"]
[Result "1/2-1/2"]
[WhiteElo "2035"]
[BlackElo "2296"]

1.e4 c5 2.Nf3 e6 3.d4 cxd4 4.Nxd4 Nc6 5.Nc3 d6 6.Be3 Nf6 7.Be2 Be7 8.O-O O-O
9.Kh1 e5 10.Nb3 Be6 11.f4 exf4 12.Bxf4 d5 13.exd5 Nxd5 14.Nxd5 Qxd5 15.Bf3 Qxd1
16.Raxd1 Rfd8 17.c3 a5 18.Rxd8+ Nxd8 19.Nd4 Bxa2 20.Ra1 Be6 21.Nxe6 Nxe6
22.Be3 Bd8 23.Kg1 Rc8 24.Rd1 b6 25.Rd6 Bc7 26.Rd7 Rd8 27.Rxc7 Nxc7 28.Bxb6 Rd7
29.Bxa5 Ne6 30.b4 Kf8 31.b5 Ke7 32.b6 Nc5 33.Bc6 Kd6 34.Bxd7 Nxd7 35.Kf2 Kc6
36.c4 Ne5 37.Bc3 Nxc4 38.Bxg7 Nxb6 39.Kf3 Kd5 40.Kg4 Ke4 41.Kg5 f5 42.Kh6 Nd5
43.Kxh7 Ne3 44.g3 Nf1 45.Kg6 Nxh2 46.Bh6 Ng4 47.Bf4 Nf2 48.Kf6  1/2-1/2

[Event "30th Balaton GM"]
[Site "Heviz HUN"]
[Date "2012.09.27"]
[Round "5.3"]
[White "Bures,J"]
[Black "Horvath,Ad1"]
[Result "1/2-1/2"]
[WhiteElo "2381"]
[BlackElo "2495"]

1.e4 c5 2.Nf3 e6 3.d4 cxd4 4.Nxd4 Nc6 5.Nc3 Qc7 6.Be2 Nf6 7.Be3 Be7 8.O-O O-O
9.f4 d6 10.a4 Rd8 11.a5 Bd7 12.Nb3 Rac8 13.g4 d5 14.e5 Ne4 15.Nxe4 dxe4 16.c3 b6
17.axb6 axb6 18.Nd2 Na5 19.Nxe4 Bc6 20.Qc2 Bd5 21.Bf3 Bxe4 22.Bxe4 Bc5 23.Bxc5 Qxc5+
24.Qf2 Nc4 25.b4 Qe3 26.Qxe3 Nxe3 27.Rf3 Rxc3 28.Re1 Nd1 29.Kg2 Rd2+ 30.Kg3 Rc4
31.Rd3 Rd4 32.Rxd2 Rxd2 33.Bf3 Nc3 34.Re3 Nb5 35.Bc6 Nd4 36.b5 h5 37.Ra3 hxg4
38.Ra6 Kh7 39.Rxb6 Kg6 40.Kxg4 Rxh2 41.Be4+ f5+ 42.Bxf5+ Kf7 43.Rb7+ Kf8
44.Be4 Re2 45.Bc6  1/2-1/2

[Event "13th Karpov GM"]
[Site "Poikovsky RUS"]
[Date "2012.09.28"]
[Round "1"]
[White "Ponomariov,R"]
[Black "Bruzon Batista,L"]
[Result "1/2-1/2"]
[WhiteElo "2729"]
[BlackElo "2713"]

1.e4 c5 2.Nf3 e6 3.d4 cxd4 4.Nxd4 Nc6 5.Nc3 Qc7 6.g3 a6 7.Bg2 d6 8.O-O Bd7
9.Nxc6 Bxc6 10.a4 Nf6 11.a5 Be7 12.Be3 Nd7 13.Na4 O-O 14.Nb6 Nxb6 15.Bxb6 Qd7
16.c4 f5 17.Qd3 fxe4 18.Bxe4 Bxe4 19.Qxe4 Bd8 20.Be3 Rf5 21.Rfd1 Rc8 22.b4 Bf6
23.Ra3 d5 24.Rad3 Re5 25.Qf4 Rf5 26.Qe4 Re5 27.Qf4 Rf5 28.Qe4  1/2-1/2

[Event "1st Simon Bolivar Open 2012"]
[Site "San Cristobal VEN"]
[Date "2012.09.28"]
[Round "7.13"]
[White "Acosta,A COL"]
[Black "Leitao,R"]
[Result "0-1"]
[WhiteElo "2333"]
[BlackElo "2623"]

1.e4 c5 2.Nf3 Nc6 3.d4 cxd4 4.Nxd4 e6 5.Nc3 Qc7 6.Be3 a6 7.Bd3 Nf6 8.O-O b5
9.Nxc6 Qxc6 10.a3 Bb7 11.Qe2 h5 12.f3 Bd6 13.Bd4 e5 14.Be3 Bc5 15.Rfd1 d6
16.Bxc5 Qxc5+ 17.Qf2 Qxf2+ 18.Kxf2 Ke7 19.a4 b4 20.Na2 a5 21.c3 Bc6 22.b3 bxc3
23.Nxc3 Rac8 24.Bc4 Bd7 25.Rd3 Be6 26.Bxe6 fxe6 27.Rad1 Rc6 28.R1d2 g5 29.Nd1 Nd7
30.Nb2 Nc5 31.Re3 Rb8 32.Nc4 Rb4 33.Rc2 Nxb3 34.Nxa5 Nc5  0-1

[Event "21st TCh-CRO 1a 2012"]
[Site "Sibenik CRO"]
[Date "2012.09.28"]
[Round "6.54"]
[White "Zelcic,R"]
[Black "Bilobrk,F"]
[Result "1/2-1/2"]
[WhiteElo "2561"]
[BlackElo "2381"]

1.e4 c5 2.Nf3 e6 3.d4 cxd4 4.Nxd4 Nc6 5.Nc3 Qc7 6.Be2 a6 7.O-O Nf6 8.a4 Be7
9.Kh1 O-O 10.f4 d6 11.Be3 Re8 12.Bg1 Nxd4 13.Qxd4 e5 14.Qd3 exf4 15.Rxf4 Be6
16.Raf1 Nd7 17.Nd5 Qc6 18.Nxe7+ Rxe7 19.Rd1 Qxa4 20.Qxd6 Rae8 21.b3 Qa5 22.Bd4 Nf8
23.Rf3 Rd7 24.Qg3 Ng6 25.Rfd3 Qc7 26.Qe1 Red8 27.Ba1 Qxc2 28.Rc1 Qxd3 29.Bxd3 Rxd3
30.h4 Bxb3 31.Kh2 h5 32.Rc5 Bd1 33.Rc7 Bg4 34.Qf2 R3d7 35.Qb2 f6 36.Qb3+ Kh7
37.Qxb7 Nxh4 38.e5 Rxc7 39.Qxc7 Rd2 40.Kg3 Nf5+ 41.Kf4 Rf2+ 42.Ke4 fxe5 43.Bxe5 Rxg2
44.Kf4 Bh3 45.Kf3 Rg4 46.Kf2 Rg2+ 47.Kf3 Rg4 48.Kf2 Rg6 49.Qd8 Bg4 50.Kg2 Rc6
51.Qd3 a5 52.Kh2 Rg6 53.Qb5 Nh4 54.Bf4 Re6 55.Qxa5 Re2+ 56.Kg1 Nf3+ 57.Kh1 h4
58.Bg3 h3 59.Qb4 Be6 60.Qb5 Nd4 61.Qh5+ Kg8 62.Qe8+  1/2-1/2